000 00327nam a22001337a 4500
008 181010b xxu||||| |||| 00| 0 eng d
020 _a9780631170198
041 _aeng
080 _a159.9
100 _a48
101 _aPSI
245 _aCognitive Development An Information Processing Approach
_cShane,J.M
942 _2udc
_cBK
999 _c49290
_d49290